Economic theory, dynamics and markets:Essays in honour of ryuzo sato (Record no. 1301531)

MARC details
000 -LEADER
fixed length control field 00614nam a2200205Ia 4500
005 - DATE AND TIME OF LATEST TRANSACTION
control field 20250326143909.0
008 - FIXED-LENGTH DATA ELEMENTS--GENERAL INFORMATION
fixed length control field 250326s9999 xx 000 0 und d
020 ## - INTERNATIONAL STANDARD BOOK NUMBER
International Standard Book Number 0-7923-7306-5
037 ## - SOURCE OF ACQUISITION
Stock number Textbook
040 ## - CATALOGING SOURCE
Original cataloging agency FMSL
Language of cataloging eng
Transcribing agency FMSL
041 ## - LANGUAGE CODE
Language code of text/sound track or separate title eng
Source of code eng
084 ## - COLON CLASSIFICATION NUMBER
Classification number BobX P1
Assigning agency FMSL
100 ## - MAIN ENTRY--PERSONAL NAME
Personal name Negishi Takashi
245 #0 - TITLE STATEMENT
Title Economic theory, dynamics and markets:Essays in honour of ryuzo sato
Statement of responsibility, etc. Negishi Takashi And Others
260 ## - PUBLICATION, DISTRIBUTION, ETC.
Place of publication, distribution, etc. Boston
Name of publisher, distributor, etc. Boston, Kluwer Academic
Date of publication, distribution, etc. 2001
300 ## - PHYSICAL DESCRIPTION
Extent xix,571
365 ## - TRADE PRICE
Price amount 528973.47079499997
942 ## - ADDED ENTRY ELEMENTS (KOHA)
Koha item type Textbook
Classification part BobX P1
Holdings
Withdrawn status Lost status Damaged status Not for loan Home library Current library Date acquired Source of acquisition Cost, normal purchase price Total Checkouts Full call number Barcode Date last seen Price effective from Koha item type
        Faculty of Management Library Faculty of Management Library 2025-03-26 The Book Seller 528973.47   BobX P1 ML1350922 2025-03-26 2025-03-26 Textbook
Copyright @ Delhi University Library System